[Event "Mitropa Cup 08th"]
[Site "Lienz"]
[Date "1983.10.24"]
[Round "2.1"]
[White "Stull, Norbert"]
[Black "Huss, Andreas"]
[Result "0-1"]
[WhiteElo "2250"]
[BlackElo "2280"]
[PlyCount "83"]
[EventDate "1983.10.22"]
[EventType "team-tourn"]
[EventRounds "6"]
[EventCountry "AUT"]
[Source "ChessBase"]
[SourceDate "2002.11.25"]

1. c4 Nf6 2. Nc3 e6 3. Nf3 Bb4 4. Qc2 O-O 5. g3 d5 6. a3 Bxc3 7. Qxc3 c5 8. Bg2
d4 9. Qc2 Nc6 10. O-O e5 11. d3 h6 12. Bd2 a5 13. b4 axb4 14. axb4 Rxa1 15.
Rxa1 cxb4 16. Qb3 e4 17. dxe4 Nxe4 18. Bxb4 Re8 19. Be1 Nc5 20. Qa3 b6 21. Qb2
Bf5 22. Rd1 d3 23. exd3 Nxd3 24. Qc3 Ncb4 25. Bd2 Qc7 26. Be3 Nd5 27. Qd4 Nxe3
28. fxe3 Rd8 29. Qh4 Rc8 30. Nd4 Bg6 31. Bd5 Qe5 32. Rf1 Qxe3+ 33. Kg2 Ne5 34.
Nf5 Bxf5 35. Rxf5 Re8 36. Rf2 Qc5 37. Qh5 Re7 38. Ra2 Kh7 39. Rf2 g6 40. Qd1 h5
41. h3 Nxc4 42. Bxc4 0-1

[Event "Mitropa Cup 08th"]
[Site "Lienz"]
[Date "1983.10.24"]
[Round "2.1"]
[White "Wittmann, Walter"]
[Black "Bruno, Fabio"]
[Result "1/2-1/2"]
[WhiteElo "2435"]
[BlackElo "2325"]
[PlyCount "38"]
[EventDate "1983.10.22"]
[EventType "team-tourn"]
[EventRounds "6"]
[EventCountry "AUT"]
[Source "ChessBase"]
[SourceDate "2002.11.25"]

1. e4 e5 2. Nf3 d6 3. d4 Nf6 4. dxe5 Nxe4 5. Qd5 Nc5 6. Bg5 Be7 7. exd6 Qxd6 8.
Nc3 Qxd5 9. Nxd5 Bd6 10. O-O-O Bg4 11. Bb5+ c6 12. Ne3 Bxf3 13. Rxd6 Ne6 14.
gxf3 cxb5 15. Rg1 Nd7 16. Nf5 g6 17. Nd4 Nxg5 18. Rxg5 a6 19. Rgd5 O-O-O
1/2-1/2

[Event "Mitropa Cup 08th"]
[Site "Lienz"]
[Date "1983.10.24"]
[Round "2.2"]
[White "Cebalo, Miso"]
[Black "Goldenberg, Richard"]
[Result "1-0"]
[WhiteElo "2475"]
[BlackElo "2335"]
[PlyCount "50"]
[EventDate "1983.10.22"]
[EventType "team-tourn"]
[EventRounds "6"]
[EventCountry "AUT"]
[Source "ChessBase"]
[SourceDate "2002.11.25"]

1. c4 e6 2. Nc3 d5 3. d4 c5 4. cxd5 exd5 5. Nf3 Nc6 6. g3 Nf6 7. Bg2 Be7 8. O-O
O-O 9. b3 Ne4 10. Bb2 Bf6 11. Na4 Re8 12. Rc1 Qa5 13. Re1 cxd4 14. Nxd4 Bxd4
15. Bxd4 Bd7 16. Bb2 Rad8 17. f3 Nf6 18. Bc3 Qb5 19. e3 d4 20. exd4 Rxe1+ 21.
Bxe1 Bf5 22. Bf2 g6 23. Nc5 Qb4 24. Rc4 Qb6 25. Qc1 Kg7 $2 (25... Kg7 26. d5 $1
) 1-0

[Event "Mitropa Cup 08th"]
[Site "Lienz"]
[Date "1983.10.24"]
[Round "2.2"]
[White "Tassi, Oliviero"]
[Black "Hoelzl, Franz"]
[Result "1-0"]
[WhiteElo "2270"]
[BlackElo "2355"]
[PlyCount "55"]
[EventDate "1983.10.22"]
[EventType "team-tourn"]
[EventRounds "6"]
[EventCountry "AUT"]
[Source "ChessBase"]
[SourceDate "2002.11.25"]

1. e4 c5 2. Nf3 d6 3. d4 cxd4 4. Nxd4 Nf6 5. Nc3 a6 6. Bc4 e6 7. Bb3 b5 8. O-O
Be7 9. Qf3 Qb6 10. Be3 Qb7 11. a3 Bd7 12. Qg3 Nc6 13. Rae1 O-O 14. f4 b4 15.
axb4 Nxd4 16. Bxd4 Qxb4 17. Rd1 Bc6 18. f5 e5 19. Be3 Kh8 20. Bg5 Rac8 21. Qh4
Bd8 22. Rd3 h6 23. Bxh6 Nh7 24. Bxg7+ Kxg7 25. f6+ Bxf6 26. Rxf6 Qb6+ 27. Kh1
Qd8 28. Qh6+ 1-0

[Event "Mitropa Cup 08th"]
[Site "Lienz"]
[Date "1983.10.24"]
[Round "2.4"]
[White "Barlov, Dragan"]
[Black "Roos, Jean Luc"]
[Result "1-0"]
[WhiteElo "2385"]
[BlackElo "2225"]
[PlyCount "61"]
[EventDate "1983.10.22"]
[EventType "team-tourn"]
[EventRounds "6"]
[EventCountry "AUT"]
[Source "ChessBase"]
[SourceDate "2002.11.25"]

1. c4 e5 2. Nc3 Nf6 3. Nf3 Nc6 4. g3 d5 5. cxd5 Nxd5 6. d3 Be7 7. Bg2 Nb6 8.
O-O O-O 9. a3 Be6 10. b4 f6 11. Bb2 Qe8 12. Nd2 Qf7 13. Rc1 a5 14. b5 Nd8 15.
Na4 Nxa4 16. Qxa4 Bd6 17. Nc4 Bd5 18. Bxd5 Qxd5 19. Rfd1 Ne6 20. e4 Nc5 21. Qc2
Qe6 22. d4 exd4 23. Rxd4 Be7 24. a4 b6 25. Rcd1 f5 26. exf5 Rxf5 27. R1d2 Raf8
28. Re2 Qf7 29. Ne5 Qh5 30. Qc4+ Kh8 31. g4 1-0

[Event "Mitropa Cup 08th"]
[Site "Lienz"]
[Date "1983.10.25"]
[Round "3.1"]
[White "Bruno, Fabio"]
[Black "Stull, Norbert"]
[Result "1-0"]
[WhiteElo "2325"]
[BlackElo "2250"]
[PlyCount "41"]
[EventDate "1983.10.22"]
[EventType "team-tourn"]
[EventRounds "6"]
[EventCountry "AUT"]
[Source "ChessBase"]
[SourceDate "2002.11.25"]

1. d4 Nf6 2. Nf3 e6 3. Bf4 b6 4. e3 Bb7 5. Nbd2 Be7 6. h3 O-O 7. c3 c5 8. Bd3
d5 9. Ne5 Nbd7 10. Qf3 a6 11. g4 b5 12. Rd1 Qb6 13. g5 Nxe5 14. Bxe5 Nd7 15.
Bxh7+ Kxh7 16. Qh5+ Kg8 17. Bxg7 Kxg7 18. Qh6+ Kg8 19. g6 Nf6 20. Nf3 Rfd8 21.
Ne5 1-0

[Event "Mitropa Cup 08th"]
[Site "Lienz"]
[Date "1983.10.25"]
[Round "3.1"]
[White "Hug, Werner"]
[Black "Manouck, Thierry"]
[Result "1-0"]
[WhiteElo "2440"]
[BlackElo "2335"]
[PlyCount "43"]
[EventDate "1983.10.22"]
[EventType "team-tourn"]
[EventRounds "6"]
[EventCountry "AUT"]
[Source "ChessBase"]
[SourceDate "2002.11.25"]

1. e4 g6 2. Nc3 c6 3. g3 d5 4. Bg2 dxe4 5. Nxe4 e5 6. Qe2 f5 7. Nc3 Qe7 8. d3
Nh6 9. f4 exf4 10. Bxf4 Nf7 11. d4 Na6 12. d5 Bd7 13. O-O-O Qxe2 14. Ngxe2
O-O-O 15. Nd4 Nb8 16. Bxb8 Kxb8 17. dxc6 bxc6 18. Bxc6 Bg7 19. Ncb5 Bc8 20. Bf3
Bxd4 21. Nxd4 Kc7 22. Rd3 1-0

[Event "Mitropa Cup 08th"]
[Site "Lienz"]
[Date "1983.10.25"]
[Round "3.2"]
[White "Goldenberg, Richard"]
[Black "Hammer, Peter"]
[Result "1-0"]
[WhiteElo "2335"]
[BlackElo "2305"]
[PlyCount "57"]
[EventDate "1983.10.22"]
[EventType "team-tourn"]
[EventRounds "6"]
[EventCountry "AUT"]
[Source "ChessBase"]
[SourceDate "2002.11.25"]

1. d4 c5 2. d5 e5 3. c4 d6 4. e4 Be7 5. Nf3 Bg4 6. Nbd2 Nd7 7. h3 Bh5 8. Bd3 h6
9. Nf1 Bg5 10. Ne3 Bxe3 11. Bxe3 Ne7 12. g4 Bg6 13. Nh4 Nxd5 14. cxd5 Qxh4 15.
Qa4 Ke7 16. Ke2 a6 17. f3 Ke8 18. b4 Qe7 19. bxc5 dxc5 20. Rab1 Rb8 21. Rhc1
Kd8 22. Qa5+ b6 23. Rxb6 Nxb6 24. Bxc5 Qf6 25. Bxa6 Bxe4 26. fxe4 Qf4 27. Bxb6+
Ke8 28. Qb5+ Ke7 29. Qc5+ 1-0

[Event "Mitropa Cup 08th"]
[Site "Lienz"]
[Date "1983.10.25"]
[Round "3.2"]
[White "Hoelzl, Franz"]
[Black "Lau, Ralf"]
[Result "1/2-1/2"]
[WhiteElo "2355"]
[BlackElo "2395"]
[PlyCount "46"]
[EventDate "1983.10.22"]
[EventType "team-tourn"]
[EventRounds "6"]
[EventCountry "AUT"]
[Source "ChessBase"]
[SourceDate "2002.11.25"]

1. c4 Nf6 2. Nc3 c5 3. Nf3 e6 4. g3 d5 5. cxd5 Nxd5 6. Bg2 Nc6 7. O-O Be7 8. d4
O-O 9. e4 Ndb4 10. dxc5 Bxc5 11. e5 Be7 12. Ne4 Nd3 13. Bf4 Nxf4 14. gxf4 Nb4
15. Nc3 Qb6 16. Qe2 Bd7 17. a3 Na6 18. b4 Nc7 19. Qe3 Bc6 20. Qxb6 axb6 21. Nd4
Bxg2 22. Kxg2 Rfd8 23. Ndb5 Rac8 1/2-1/2

[Event "Mitropa Cup 08th"]
[Site "Lienz"]
[Date "1983.10.25"]
[Round "3.3"]
[White "Werner, Clemens"]
[Black "Dueckstein, Andreas"]
[Result "1/2-1/2"]
[WhiteElo "2340"]
[BlackElo "2360"]
[Annotator "Dueckstein"]
[PlyCount "29"]
[EventDate "1983.10.22"]
[EventType "team-tourn"]
[EventRounds "6"]
[EventCountry "AUT"]
[Source "ChessBase"]
[SourceDate "2002.11.25"]

1. Nf3 Nc6 2. d4 d5 3. Bf4 Bg4 4. e3 e6 5. c4 Nf6 ({Auch} 5... Bd6 {ist gut.})
6. Nc3 Bb4 7. Qb3 Bxf3 {Zweischneidig,} ({aber auf} 7... O-O {könnte Weiss mit}
8. Ne5 {fortsetzen.}) 8. gxf3 O-O ({Auf} 8... Nh5 {antwortet Weiss} 9. Bg3) 9.
Rg1 Kh8 {Gegen Bh6 gerichtet} 10. O-O-O dxc4 11. Qxc4 {Natürlicher und besser
war das Schlagen mit dem Läufer.} Bxc3 12. bxc3 ({Auf} 12. Qxc3 {folgt
ebenfalls} Nd5) 12... Nd5 13. Bg3 ({Besser als} 13. Bg5 Qd6) 13... Qe7 14. Qb3
a5 15. a4 {sonst setzt Schwarz mit a5-a4 und e6-e5 fort.} ({Gefährlich ist} 15.
Qxb7 {wegen} Nxc3 ({während das Endspiel nach} 15... Qa3+ 16. Qb2 Qxc3+ 17.
Qxc3 Nxc3 18. Rd2 {eher für Weiss günstig wäre.}) 16. Qxc6 Qa3+ 17. Kc2 Nxd1 {
mit grossen Verwicklungen,}) 1/2-1/2

[Event "Mitropa Cup 08th"]
[Site "Lienz"]
[Date "1983.10.25"]
[Round "3.3"]
[White "Wittwer, Moritz"]
[Black "Meinsohn, Francis"]
[Result "0-1"]
[WhiteElo "2350"]
[BlackElo "2260"]
[PlyCount "80"]
[EventDate "1983.10.22"]
[EventType "team-tourn"]
[EventRounds "6"]
[EventCountry "AUT"]
[Source "ChessBase"]
[SourceDate "2002.11.25"]

1. e4 c5 2. Nf3 e6 3. d4 cxd4 4. Nxd4 a6 5. Nc3 Nc6 6. Be2 Nge7 7. Nb3 Ng6 8.
Be3 b5 9. O-O Be7 10. f4 d6 11. Qe1 O-O 12. Rd1 Qc7 13. Qg3 Bf6 14. Rd2 Nce7
15. Bf3 Bb7 16. Nd4 b4 17. Nce2 Nh4 18. Qh3 e5 19. fxe5 dxe5 20. Nb3 Rfd8 21.
Rfd1 Rxd2 22. Rxd2 Rd8 23. Rxd8+ Qxd8 24. Nd2 Nxf3+ 25. Qxf3 Nc6 26. c3 a5 27.
Nb3 Ba6 28. Nc5 Qd1+ 29. Kf2 bxc3 30. bxc3 Bc4 31. a4 Bh4+ 32. g3 Be7 33. Qg4
f6 34. Ne6 g6 35. Nc5 Kf7 36. Qf3 Bxc5 37. Bxc5 Qxa4 38. Qe3 Qc2 39. Kf3 Bxe2+
40. Qxe2 Qxc3+ 0-1

[Event "Mitropa Cup 08th"]
[Site "Lienz"]
[Date "1983.10.25"]
[Round "3.4"]
[White "Kwatschewsky, Leo"]
[Black "Cladouras, Panagiotis"]
[Result "1/2-1/2"]
[WhiteElo "2260"]
[BlackElo "2290"]
[PlyCount "23"]
[EventDate "1983.10.22"]
[EventType "team-tourn"]
[EventRounds "6"]
[EventCountry "AUT"]
[Source "ChessBase"]
[SourceDate "2002.11.25"]

1. e4 e5 2. Nf3 Nc6 3. Bc4 Be7 4. d4 d6 5. h3 Nf6 6. Nc3 O-O 7. Be3 Nxe4 8.
Nxe4 d5 9. Bb5 dxe4 10. Bxc6 exf3 11. Bxf3 Bg5 12. dxe5 1/2-1/2

[Event "Mitropa Cup 08th"]
[Site "Lienz"]
[Date "1983.10.26"]
[Round "4.1"]
[White "Djuric, Stefan"]
[Black "Hug, Werner"]
[Result "1/2-1/2"]
[WhiteElo "2500"]
[BlackElo "2440"]
[PlyCount "20"]
[EventDate "1983.10.22"]
[EventType "team-tourn"]
[EventRounds "6"]
[EventCountry "AUT"]
[Source "ChessBase"]
[SourceDate "2002.11.25"]

1. c4 Nf6 2. Nc3 d6 3. d4 Nbd7 4. Nf3 e5 5. Bg5 Be7 6. e3 c6 7. Qc2 Ng4 8. Bxe7
Qxe7 9. Be2 O-O 10. O-O Re8 1/2-1/2

[Event "Mitropa Cup 08th"]
[Site "Lienz"]
[Date "1983.10.26"]
[Round "4.1"]
[White "Manouck, Thierry"]
[Black "Bruno, Fabio"]
[Result "1-0"]
[WhiteElo "2335"]
[BlackElo "2325"]
[PlyCount "179"]
[EventDate "1983.10.22"]
[EventType "team-tourn"]
[EventRounds "6"]
[EventCountry "AUT"]
[Source "ChessBase"]
[SourceDate "2002.11.25"]

1. c4 e6 2. Nf3 Nf6 3. g3 c5 4. Bg2 Nc6 5. O-O Be7 6. b3 O-O 7. Bb2 d5 8. e3 b6
9. Qe2 Bb7 10. Rd1 Qc7 11. Nc3 Rac8 12. cxd5 exd5 13. d4 Na5 14. Nb5 Ba6 15.
dxc5 bxc5 16. Nxc7 Bxe2 17. Nxd5 Nxd5 18. Rxd5 Rfd8 19. Ne5 f6 20. Bc3 fxe5 21.
Bxa5 Rxd5 22. Bxd5+ Kf8 23. Rc1 h5 24. Kg2 g5 25. Bf3 Bxf3+ 26. Kxf3 Kf7 27.
Ke4 Ke6 28. f3 Rc6 29. Rc2 Rc8 30. Rc4 Rc6 31. Bc3 Ra6 32. Bxe5 Rxa2 33. Ra4
Rxh2 34. Ra6+ Kf7 35. Rxa7 h4 36. Bd6 Ke6 37. Rxe7+ Kxd6 38. Rg7 hxg3 39. Rg6+
Kd7 40. Rxg5 g2 41. f4 Kc6 42. Kf3 Rh3+ 43. Kf2 Rh1 44. Rxg2 Rb1 45. Kf3 Rxb3
46. Ke4 c4 47. f5 c3 48. Rc2 Kd6 49. Kd4 Rb5 50. e4 Rb4+ 51. Kd3 Ke5 52. Re2
Rb3 53. Re1 Ra3 54. Re2 Rb3 55. Rh2 Ra3 56. Rc2 Ra4 57. Re2 Ra3 58. Re1 Rb3 59.
Kc4 Ra3 60. Kb4 Ra6 61. Kxc3 Rd6 62. Kc4 Rd4+ 63. Kc5 Rd8 64. Kc6 Rd6+ 65. Kc7
Rd4 66. Rf1 Kf6 67. Rf4 Rc4+ 68. Kd6 Rd4+ 69. Kc6 Kg5 70. Kc5 Rd8 71. Rf1 Kf6
72. Kc6 Rd4 73. Re1 Ke5 74. Kc7 Rd2 75. Kc8 Rd6 76. Re2 Rd4 77. Rf2 Rd6 78. Kc7
Rf6 79. Re2 Rd6 80. Rh2 Rd4 81. Rh4 Ra4 82. Kd7 Ra7+ 83. Ke8 Rb7 84. Kf8 Ra7
85. Kg8 Ra8+ 86. Kg7 Ra7+ 87. Kg6 Ra6+ 88. Kg5 Ra1 89. Rg4 Ra8 90. Kh6 1-0

[Event "Mitropa Cup 08th"]
[Site "Lienz"]
[Date "1983.10.26"]
[Round "4.1"]
[White "Stull, Norbert"]
[Black "Kindermann, Stefan"]
[Result "0-1"]
[WhiteElo "2250"]
[BlackElo "2500"]
[PlyCount "56"]
[EventDate "1983.10.22"]
[EventType "team-tourn"]
[EventRounds "6"]
[EventCountry "AUT"]
[Source "ChessBase"]
[SourceDate "2002.11.25"]

1. c4 e5 2. Nc3 Nc6 3. Nf3 Nf6 4. g3 Bb4 5. Bg2 O-O 6. O-O e4 7. Ne1 Bxc3 8.
dxc3 h6 9. Nc2 b6 10. Ne3 Bb7 11. Qc2 Ne5 12. f4 exf3 13. exf3 Re8 14. Bd2 d5
15. cxd5 Nxd5 16. Rad1 Qe7 17. Nxd5 Bxd5 18. Rde1 Qc5+ 19. Be3 Qc6 20. f4 Bxg2
21. Qxg2 Qxg2+ 22. Kxg2 Nd3 23. Re2 Nxb2 24. Rxb2 Rxe3 25. Rc2 Rd8 26. c4 c5
27. Rff2 Rd4 28. Rfd2 Rc3 0-1

[Event "Mitropa Cup 08th"]
[Site "Lienz"]
[Date "1983.10.26"]
[Round "4.3"]
[White "Dizdar, Goran"]
[Black "Wittwer, Moritz"]
[Result "1/2-1/2"]
[WhiteElo "2450"]
[BlackElo "2350"]
[PlyCount "58"]
[EventDate "1983.10.22"]
[EventType "team-tourn"]
[EventRounds "6"]
[EventCountry "AUT"]
[Source "ChessBase"]
[SourceDate "2002.11.25"]

1. d4 d5 2. Bf4 Nf6 3. e3 e6 4. Nd2 c5 5. c3 Nc6 6. Bd3 Be7 7. Ngf3 Nh5 8. Be5
Nxe5 9. Nxe5 Nf6 10. Qf3 O-O 11. Qh3 h6 12. f4 Nd7 13. Ndf3 Nxe5 14. Nxe5 Bd6
15. O-O f5 16. Kh1 Bxe5 17. fxe5 Bd7 18. g4 fxg4 19. Rxf8+ Qxf8 20. Qxg4 c4 21.
Bg6 Qe7 22. Bc2 Qf7 23. Bg6 Qe7 24. Rf1 Rf8 25. Rf4 Be8 26. Bc2 b5 27. Kg1 g5
28. h4 Kg7 29. Kh2 Bg6 1/2-1/2

[Event "Mitropa Cup 08th"]
[Site "Lienz"]
[Date "1983.10.27"]
[Round "5.1"]
[White "Bruno, Fabio"]
[Black "Djuric, Stefan"]
[Result "0-1"]
[WhiteElo "2325"]
[BlackElo "2500"]
[PlyCount "54"]
[EventDate "1983.10.22"]
[EventType "team-tourn"]
[EventRounds "6"]
[EventCountry "AUT"]
[Source "ChessBase"]
[SourceDate "2002.11.25"]

1. d4 Nf6 2. Nf3 e6 3. Bf4 b6 4. Nbd2 Ba6 5. c4 Bb7 6. e3 Be7 7. h3 O-O 8. Bd3
c5 9. O-O cxd4 10. Nxd4 d6 11. Bg3 Nbd7 12. N4b3 Rc8 13. Rc1 Rc7 14. Be2 Ne5
15. c5 bxc5 16. Nxc5 dxc5 17. Bxe5 Rd7 18. Bc3 Ne4 19. Rc2 Nxc3 20. bxc3 e5 21.
Qc1 Qa8 22. Nf3 Rd6 23. Rd1 Rg6 24. Kf1 Bc6 25. Qa3 Qb8 26. Rb2 Qc7 27. Kg1 c4
0-1

[Event "Mitropa Cup 08th"]
[Site "Lienz"]
[Date "1983.10.27"]
[Round "5.1"]
[White "Kindermann, Stefan"]
[Black "Manouck, Thierry"]
[Result "1-0"]
[WhiteElo "2500"]
[BlackElo "2335"]
[Annotator "Kwatschewsky,L"]
[PlyCount "67"]
[EventDate "1983.10.22"]
[EventType "team-tourn"]
[EventRounds "6"]
[EventCountry "AUT"]
[Source "ChessBase"]
[SourceDate "2002.11.25"]

1. e4 c5 2. Nf3 e6 3. d4 cxd4 4. Nxd4 Nf6 5. Nc3 Bb4 6. e5 Nd5 7. Qg4 O-O 8.
Bd2 Nc6 $5 {Eine interessante Neuerung.} (8... Nxc3 9. bxc3 Qe7) 9. Nxc6 bxc6
10. Bd3 Qa5 11. O-O Nxc3 12. bxc3 Bxc3 $2 (12... Be7 {wäre hier bestimmt
besser.}) 13. Bxh7+ Kxh7 14. Qh3+ Kg8 15. Bxc3 Qa4 16. f4 Qxc2 {In der
Hoffnung, das Feld h7 zu decken.} 17. f5 $1 exf5 18. Rf4 Rb8 19. Re1 $1 (19.
Rh4 Rb1+ 20. Be1 f6 21. Rh8+ Kf7 22. Qh5+ Ke7 {und Weiss kommt nicht weiter.})
19... Rb1 20. Rh4 Rxe1+ 21. Bxe1 Qc5+ 22. Kh1 f6 23. exf6 ({Nach} 23. Rh8+ Kf7
24. Qh5+ g6 25. Rh7+ Ke6 $1 26. Qxg6 Qe3 {,kann sich Schwarz erfolgreich
verteidigen.}) 23... gxf6 (23... Rxf6 24. Rh8+ {/\ Rxc8}) 24. Bc3 Qd5 25. Rh8+
Kf7 26. Rxf8+ Kxf8 27. Qh8+ Kf7 28. Qxf6+ Ke8 29. h4 Bb7 {Schwarz befand sich
an dieser Stelle in drückender Zeitnot.} ({Aussichtsreicher scheint} 29... d6 {
zu sein.}) 30. Qh8+ Ke7 31. h5 c5 {Endlich hat auch Schwarz eine Drohung -
Matt auf g2, was Kindermann aber nur ein Lächeln entlockt.} 32. Qg7+ Qf7 ({Auch
} 32... Kd6 33. h6 Qd1+ 34. Kh2 Qh5+ 35. Kg3 $1 {bringt für Schwarz keine
Rettung mehr.}) 33. Qe5+ Kd8 34. Ba5+ {Eine spannende und interessante Partie.}
1-0

[Event "Mitropa Cup 08th"]
[Site "Lienz"]
[Date "1983.10.27"]
[Round "5.1"]
[White "Wittmann, Walter"]
[Black "Stull, Norbert"]
[Result "1-0"]
[WhiteElo "2435"]
[BlackElo "2250"]
[PlyCount "57"]
[EventDate "1983.10.22"]
[EventType "team-tourn"]
[EventRounds "6"]
[EventCountry "AUT"]
[Source "ChessBase"]
[SourceDate "2002.11.25"]

1. e4 c5 2. Nc3 Nc6 3. Nge2 Nf6 4. d4 cxd4 5. Nxd4 d6 6. Be3 e6 7. f4 Be7 8.
Qf3 a6 9. O-O-O Qc7 10. g4 Nxd4 11. Bxd4 e5 12. fxe5 dxe5 13. Qg3 Bxg4 14. Bxe5
Qc6 15. Bxf6 Bxd1 16. Bxe7 Kxe7 17. Qe5+ Kf8 18. Kxd1 h5 19. Rg1 f6 20. Qg3
Rd8+ 21. Kc1 g5 22. Bd3 Rg8 23. e5 Rd4 24. Rf1 Rf4 25. Rxf4 gxf4 26. Qxf4 Rg1+
27. Kd2 Qg2+ 28. Ne2 Rf1 29. Qh6+ 1-0

[Event "Mitropa Cup 08th"]
[Site "Lienz"]
[Date "1983.10.27"]
[Round "5.2"]
[White "Cebalo, Miso"]
[Black "Tassi, Oliviero"]
[Result "1-0"]
[WhiteElo "2475"]
[BlackElo "2270"]
[PlyCount "83"]
[EventDate "1983.10.22"]
[EventType "team-tourn"]
[EventRounds "6"]
[EventCountry "AUT"]
[Source "ChessBase"]
[SourceDate "2002.11.25"]

1. d4 Nf6 2. c4 c5 3. d5 b5 4. Nf3 Bb7 5. a4 Qa5+ 6. Bd2 b4 7. Qc2 g6 8. e4 d6
9. Bd3 Bg7 10. O-O O-O 11. h3 Nbd7 12. Bf4 Qc7 13. Nbd2 Ne5 14. Nxe5 dxe5 15.
Be3 Rac8 16. Be2 h5 17. Bd3 Kh7 18. Rae1 Bh6 19. Bxh6 Kxh6 20. f4 Nd7 21. Nf3
f6 22. Qe2 exf4 23. e5 Nxe5 24. Nxe5 Qxe5 25. Qxe5 fxe5 26. Rxe5 Rc7 27. Re6
Rf6 28. Rfe1 f3 29. gxf3 Bc8 30. Rxf6 exf6 31. h4 Rg7 32. Re8 Bd7 33. Rf8 Bxa4
34. Rxf6 Bd1 35. Rc6 Bxf3 36. Rxc5 Bd1 37. Rc8 a5 38. c5 a4 39. d6 Ra7 40. Rg8
a3 41. Rxg6+ Kh7 42. d7 1-0

[Event "Mitropa Cup 08th"]
[Site "Lienz"]
[Date "1983.10.27"]
[Round "5.2"]
[White "Goldenberg, Richard"]
[Black "Lau, Ralf"]
[Result "1/2-1/2"]
[WhiteElo "2335"]
[BlackElo "2395"]
[PlyCount "31"]
[EventDate "1983.10.22"]
[EventType "team-tourn"]
[EventRounds "6"]
[EventCountry "AUT"]
[Source "ChessBase"]
[SourceDate "2002.11.25"]

1. Nf3 Nf6 2. c4 c5 3. Nc3 b6 4. g3 Bb7 5. Bg2 g6 6. b3 Bg7 7. Bb2 O-O 8. O-O
Na6 9. Rc1 e6 10. d4 d5 11. cxd5 exd5 12. dxc5 bxc5 13. Na4 Rc8 14. Ne5 Qe7 15.
Nd3 Rfd8 16. Ba3 1/2-1/2

[Event "Mitropa Cup 08th"]
[Site "Lienz"]
[Date "1983.10.27"]
[Round "5.4"]
[White "Roos, Jean Luc"]
[Black "Cladouras, Panagiotis"]
[Result "1-0"]
[WhiteElo "2225"]
[BlackElo "2290"]
[PlyCount "121"]
[EventDate "1983.10.22"]
[EventType "team-tourn"]
[EventRounds "6"]
[EventCountry "AUT"]
[Source "ChessBase"]
[SourceDate "2002.11.25"]

1. e4 e5 2. Nf3 Nc6 3. Bc4 Be7 4. d4 d6 5. dxe5 dxe5 6. Bd5 Bf6 7. Bxc6+ bxc6
8. Qxd8+ Kxd8 9. Bg5 Bxg5 10. Nxg5 Ke7 11. Nf3 f6 12. Na3 Be6 13. Nd2 Nh6 14.
Nac4 Rab8 15. b3 Nf7 16. f3 Nd6 17. Nb2 h5 18. Nd3 Rbg8 19. O-O-O Rb8 20. f4
exf4 21. e5 fxe5 22. Nxe5 Kf6 23. Nxc6 Rb6 24. Nd4 Ra6 25. Nxe6 Kxe6 26. Rhe1+
Kf6 27. Ne4+ Nxe4 28. Rxe4 g5 29. Rd5 h4 30. h3 Rxa2 31. Rc4 Ra1+ 32. Kb2 Rg1
33. Rc6+ Ke7 34. Rxg5 f3 35. Rg7+ Kf8 36. Rgxc7 fxg2 37. Rg6 Rh5 38. Rcg7 Rh1
39. Rxg2 Rxh3 40. Rxa7 Rh1 41. Rf2+ Kg8 42. Rd2 Rf1 43. Rg2+ Kh8 44. Rag7 Rf8
45. R7g5 Rh7 46. Rh2 Rg8 47. Rd5 Rg4 48. c4 h3 49. Kc3 Rgh4 50. Rd3 Kg8 51. b4
Ra7 52. Kb3 Rah7 53. b5 Kf8 54. Kb4 Rc7 55. Rc3 Ke8 56. b6 Rch7 57. Kb5 Kd7 58.
c5 Kc8 59. Ra3 R7h5 60. Ra8+ Kb7 61. Ra7+ 1-0

[Event "Mitropa Cup 08th"]
[Site "Lienz"]
[Date "1983.10.28"]
[Round "6.1"]
[White "Djuric, Stefan"]
[Black "Kindermann, Stefan"]
[Result "1/2-1/2"]
[WhiteElo "2500"]
[BlackElo "2500"]
[PlyCount "20"]
[EventDate "1983.10.22"]
[EventType "team-tourn"]
[EventRounds "6"]
[EventCountry "AUT"]
[Source "ChessBase"]
[SourceDate "2002.11.25"]

1. Nf3 Nf6 2. c4 e6 3. Nc3 Bb4 4. Qc2 O-O 5. a3 Bxc3 6. Qxc3 b6 7. b4 Bb7 8.
Bb2 d6 9. g3 Nbd7 10. Bg2 c5 1/2-1/2

[Event "Mitropa Cup 08th"]
[Site "Lienz"]
[Date "1983.10.28"]
[Round "6.1"]
[White "Hug, Werner"]
[Black "Tassi, Oliviero"]
[Result "1-0"]
[WhiteElo "2440"]
[BlackElo "2270"]
[PlyCount "77"]
[EventDate "1983.10.22"]
[EventType "team-tourn"]
[EventRounds "6"]
[EventCountry "AUT"]
[Source "ChessBase"]
[SourceDate "2002.11.25"]

1. e4 c5 2. Nc3 d6 3. g3 Nc6 4. Bg2 g6 5. d3 Bg7 6. Nge2 e6 7. O-O Nge7 8. Bg5
O-O 9. Qd2 Nd4 10. Nxd4 cxd4 11. Ne2 e5 12. c3 dxc3 13. bxc3 f6 14. Bh6 d5 15.
Bxg7 Kxg7 16. exd5 Nxd5 17. Rab1 Rf7 18. f4 exf4 19. Nxf4 Nxf4 20. Rxf4 Bf5 21.
Rd4 Qa5 22. Rxb7 Rxb7 23. Bxb7 Rb8 24. Rb4 Qd8 25. d4 a5 26. Rb5 a4 27. c4 Bd7
28. Rb4 Qa5 29. Qb2 a3 30. Qb1 Bf5 31. Qb3 Kf8 32. Kf2 Bc2 33. Qf3 Kg7 34. Qc3
Be4 35. c5 Kh6 36. d5 Rxb7 37. Qe3+ g5 38. Rxb7 Bxd5 39. Rb6 1-0

[Event "Mitropa Cup 08th"]
[Site "Lienz"]
[Date "1983.10.28"]
[Round "6.1"]
[White "Manouck, Thierry"]
[Black "Hoelzl, Franz"]
[Result "1/2-1/2"]
[WhiteElo "2335"]
[BlackElo "2355"]
[PlyCount "42"]
[EventDate "1983.10.22"]
[EventType "team-tourn"]
[EventRounds "6"]
[EventCountry "AUT"]
[Source "ChessBase"]
[SourceDate "2002.11.25"]

1. c4 c5 2. g3 g6 3. Bg2 Bg7 4. Nc3 Nc6 5. a3 d6 6. Rb1 a5 7. d3 Rb8 8. e4 Nf6
9. Nge2 O-O 10. O-O Ne8 11. Be3 Nc7 12. d4 cxd4 13. Nxd4 Bxd4 14. Bxd4 Nxd4 15.
Qxd4 b5 16. cxb5 Nxb5 17. Nxb5 Rxb5 18. b4 axb4 19. axb4 Qb6 20. Qxb6 Rxb6 21.
Rfc1 Ba6 1/2-1/2

[Event "Mitropa Cup 08th"]
[Site "Lienz"]
[Date "1983.10.28"]
[Round "6.2"]
[White "Dueckstein, Andreas"]
[Black "Goldenberg, Richard"]
[Result "1/2-1/2"]
[WhiteElo "2360"]
[BlackElo "2335"]
[PlyCount "116"]
[EventDate "1983.10.22"]
[EventType "team-tourn"]
[EventRounds "6"]
[EventCountry "AUT"]
[Source "ChessBase"]
[SourceDate "2002.11.25"]

1. e4 d5 2. exd5 Nf6 3. d4 Nxd5 4. Nf3 Bg4 5. Be2 e6 6. O-O Bd6 7. Ne5 Bxe2 8.
Qxe2 Bxe5 9. dxe5 Qh4 10. c4 Nb6 11. b3 Nc6 12. Bb2 O-O-O 13. Nd2 Rd7 14. Nf3
Qh5 15. Rad1 Rhd8 16. Bc3 Rxd1 17. Rxd1 Rxd1+ 18. Qxd1 Nd7 19. Qa1 Qf5 20. Qb2
g5 21. h3 h5 22. Nd4 Nxd4 23. Bxd4 c5 24. Bc3 g4 25. hxg4 hxg4 26. Qe2 Qf4 27.
Bb2 Qf5 28. Bc3 Kd8 29. g3 Ke8 30. Kg2 Nb8 31. b4 cxb4 32. Bxb4 Nc6 33. Bc3 Kf8
34. a3 Kg8 35. Qe3 Kh7 36. Kh2 Kg8 37. Qf4 Kh7 38. Qxf5+ exf5 39. Kg2 Kg8 40.
f4 Kf8 41. Kf2 Ke7 42. Ke3 Kd7 43. Kd3 Nd8 44. Bd4 a6 45. c5 Kc6 46. Kc4 Ne6
47. Bf2 Nc7 48. a4 Nd5 49. Bd4 Ne7 50. Bc3 Kd7 51. Bd4 Kc6 52. Be3 Ng6 53. Bd4
Nf8 54. Be3 Nd7 55. Bd4 Nf8 56. Be3 Ne6 57. Bd4 Nc7 58. Bf2 Nd5 1/2-1/2